Music Quiz

Random Music or Lyrics Quiz
Score 0/15 Timer 05:00
0 Plays Today
% Correct
Abercrombie and Fitch
88%
New Kids on the Block
87.6%
Cherry Coke
83%
Chinese food
81.7%
Michael J. Fox
75.9%
Billy Shakespeare
74.7%
Macaulay Culkin
73.4%
Pogo sticks
66.4%
% Correct
Footloose
65.6%
Fun Dip
65.6%
Larry Bird
61.8%
Paul Revere
61.4%
New Edition
56.8%
Cherry Pez
49.4%
Georgia
48.1%
Remove Ads.
Support Sporcle.
Get the best of Sporcle when you Go Orange. This ad-free experience offers more features, more stats, and more fun while also helping to support Sporcle. Thank you for becoming a member.

You're not logged in!

Compare scores with friends on all Sporcle quizzes.
OR
Log In

Show Comments

Extras

Top Quizzes Today


Score Distribution

Your Account Isn't Verified!

In order to create a playlist on Sporcle, you need to verify the email address you used during registration. Go to your Sporcle Settings to finish the process.

Report this User

Report this user for behavior that violates our Community Guidelines.

Details: